[Event "Senior DM 2020 65+"]
[Site "Logumkloster"]
[Date "2020.02.09"]
[Round "1"]
[White "Jorgensen, Jorgen"]
[Black "Falberg, Hugo"]
[Result "1-0"]
[WhiteElo "2186"]
[BlackElo "1826"]
[PlyCount "93"]
[EventDate "2020.02.09"]
[EventType "swiss"]
[EventRounds "7"]
[EventCountry "DEN"]

1. Nf3 f5 2. d3 d6 3. e4 e5 4. Nc3 Nf6 5. exf5 Bxf5 6. d4 e4 7. Nh4 Qd7 8. d5
Be7 9. Bb5 c6 10. Bc4 Nxd5 11. Nxf5 Qxf5 12. Nxd5 cxd5 13. Qxd5 Rf8 14. Be3 Nc6
15. O-O-O Kd7 16. Rhe1 Rac8 17. a3 Rc7 18. Qxf5+ Rxf5 19. Bd5 Re5 20. Bf4 Bg5
21. Bxg5 Rxg5 22. Bxe4 g6 23. f4 Rc5 24. Bf3 Ne7 25. c3 h5 26. g3 Rxc3+ 27.
bxc3 Rxc3+ 28. Kb2 Rxf3 29. Rd2 a5 30. Red1 d5 31. Rd3 Rf2+ 32. R1d2 Rf1 33.
Rb3 Kc7 34. Kc3 Rf3+ 35. Kc2 Rf1 36. Re3 Kd6 37. Re5 b6 38. Kb2 a4 39. Rde2 Nc6
40. Re6+ Kd7 41. Rxg6 Rf3 42. Ree6 Rb3+ 43. Ka2 Na5 44. Rxb6 Rd3 45. Rg7+ Kc8
46. Rh6 Rd2+ 47. Kb1 1-0

[Event "Senior DM 2020 65+"]
[Site "Logumkloster"]
[Date "2020.02.09"]
[Round "1"]
[White "Fjordside, Arne Dan"]
[Black "Larsen, Alex"]
[Result "1-0"]
[WhiteElo "1782"]
[BlackElo "1428"]
[PlyCount "43"]
[EventDate "2020.02.09"]
[EventType "swiss"]
[EventRounds "7"]
[EventCountry "DEN"]

1. d4 Nf6 2. Bf4 e6 3. e3 c6 4. c3 Be7 5. Bd3 d6 6. h3 Nbd7 7. Nf3 Nd5 8. Bh2
N7f6 9. O-O O-O 10. Nbd2 h6 11. Re1 Nh7 12. e4 Nc7 13. Qe2 f5 14. exf5 Nf6 15.
Rad1 Re8 16. fxe6 b5 17. Bg6 Rf8 18. Bf7+ Kh8 19. Nh4 Rxf7 20. exf7 Ne6 21.
Ng6+ Kh7 22. Qd3 1-0

[Event "Senior DM 2020 65+"]
[Site "Logumkloster"]
[Date "2020.02.09"]
[Round "1"]
[White "Johnsen, Oystein"]
[Black "Pilgaard, Johannes"]
[Result "1-0"]
[WhiteElo "1996"]
[BlackElo "1487"]
[PlyCount "69"]
[EventDate "2020.02.09"]
[EventType "swiss"]
[EventRounds "7"]
[EventCountry "DEN"]

1. d4 Nf6 2. Nf3 g6 3. c4 c5 4. d5 b5 5. cxb5 a6 6. e3 Bg7 7. Nc3 axb5 8. Bxb5
O-O 9. O-O d6 10. e4 Bd7 11. Bc4 Qb6 12. Rb1 Ng4 13. Qb3 Qa7 14. a3 Na6 15. h3
Ne5 16. Nxe5 Bxe5 17. Qc2 Rfb8 18. Qd3 Nc7 19. Be3 Qa5 20. Bd2 Qb6 21. Rfd1 Nb5
22. Ne2 Nd4 23. Nxd4 Bxd4 24. Bc3 Bxc3 25. Qxc3 Ba4 26. Rd3 Bb5 27. f4 Ra4 28.
Bxb5 Qxb5 29. Re3 Rd4 30. Kh2 Qa4 31. b4 f6 32. h4 Qd7 33. f5 gxf5 34. Rg3+ Kf7
35. Qf3 1-0

[Event "Senior DM 2020 65+"]
[Site "Logumkloster"]
[Date "2020.02.09"]
[Round "1"]
[White "Jorgensen, Arne Bjorn"]
[Black "Baagoe, Hans Chr"]
[Result "1/2-1/2"]
[WhiteElo "1957"]
[BlackElo "1665"]
[PlyCount "134"]
[EventDate "2020.02.09"]
[EventType "swiss"]
[EventRounds "7"]
[EventCountry "DEN"]

1. d4 d5 2. Nf3 e6 3. c4 dxc4 4. a4 Nf6 5. e3 Be7 6. Bxc4 O-O 7. O-O c6 8. Nc3
Nd5 9. Qe2 Nd7 10. e4 Nxc3 11. bxc3 Nf6 12. Bg5 Kh8 13. Rfd1 Ng8 14. Bf4 Bd6
15. e5 Be7 16. Rd3 a6 17. Nd2 Bg5 18. Bxg5 Qxg5 19. Rh3 f5 20. exf6 Qxf6 21.
Rf3 Qe7 22. Re3 Rf6 23. Ne4 Rh6 24. h3 b6 25. Ng3 Qd6 26. Re1 Qc7 27. Bxe6 Bxe6
28. Rxe6 b5 29. axb5 Rxe6 30. Qxe6 axb5 31. Nf5 Rf8 32. g4 g6 33. Ng3 Rf7 34.
Qe5+ Qxe5 35. Rxe5 Re7 36. f4 Kg7 37. Kf2 h6 38. Kf3 Rxe5 39. fxe5 Ne7 40. Ne2
Nd5 41. Ke4 Kf7 42. Kd3 g5 43. Ke4 Ke6 44. Kf3 c5 45. dxc5 Kxe5 46. c6 Kd6 47.
c7 Kxc7 48. Ke4 Kd6 49. Kd4 b4 50. cxb4 Nxb4 51. Ng3 Nc6+ 52. Ke4 Ne7 53. Nf5+
Ke6 54. Nxh6 Ng6 55. Kf3 Ne7 56. Ke4 Ng6 57. Kf3 Ne7 58. Kg3 Kf6 59. h4 gxh4+
60. Kxh4 Kg6 61. g5 Kg7 62. Kh5 Kf8 63. Ng4 Kg7 64. Nf6 Ng6 65. Ne8+ Kh7 66.
Nd6 Nf4+ 67. Kg4 Ne6 1/2-1/2

[Event "Senior DM 2020 65+"]
[Site "Logumkloster"]
[Date "2020.02.09"]
[Round "1"]
[White "Cordes, Steffen"]
[Black "Jorgensen, Orla Eilegaard"]
[Result "1-0"]
[WhiteElo "1928"]
[BlackElo "1586"]
[PlyCount "47"]
[EventDate "2020.02.09"]
[EventType "swiss"]
[EventRounds "7"]
[EventCountry "DEN"]

1. e4 d5 2. exd5 Qxd5 3. Nc3 Qa5 4. d4 c6 5. Bc4 Nf6 6. Nge2 Bf5 7. O-O e6 8.
Ng3 Bg6 9. Qe2 Be7 10. f4 O-O 11. f5 b5 12. Bb3 exf5 13. Qxe7 Re8 14. Qd6 b4
15. Nce2 Qb6 16. Bd2 a5 17. Rae1 Nbd7 18. Nf4 Qb5 19. Nxg6 hxg6 20. Re7 Rxe7
21. Qxe7 a4 22. Bxf7+ Kh7 23. Rf4 Kh8 24. Rh4+ 1-0

[Event "Senior DM 2020 65+"]
[Site "Logumkloster"]
[Date "2020.02.09"]
[Round "1"]
[White "Christiansen, Jens Jorgen"]
[Black "Overmark, Ole"]
[Result "1-0"]
[WhiteElo "2073"]
[BlackElo "1735"]
[PlyCount "95"]
[EventDate "2020.02.09"]
[EventType "swiss"]
[EventRounds "7"]
[EventCountry "DEN"]

1. Nf3 c5 2. g3 g6 3. Bg2 Bg7 4. O-O Nf6 5. d3 d5 6. Nbd2 O-O 7. c3 Nc6 8. Qc2
Bg4 9. h3 Bd7 10. e4 d4 11. c4 Rc8 12. a3 Rc7 13. Nb3 b6 14. Bf4 Rb7 15. Qd2
Qc8 16. Kh2 Re8 17. Rae1 h5 18. e5 Nh7 19. Bh6 Bh8 20. Qf4 Bf5 21. Qd2 a5 22.
a4 Rc7 23. Bf4 Be6 24. Qe2 Nb4 25. Nbd2 Qd7 26. b3 Rcc8 27. Ne4 Bf5 28. Rd1 Nf8
29. Nh4 Ne6 30. Nxf5 Nxf4 31. Nxe7+ Rxe7 32. gxf4 Bg7 33. h4 Qc7 34. Bh3 f5 35.
Ng5 Nc6 36. Qf3 Rd8 37. Rg1 Qc8 38. Bg2 Rc7 39. Qg3 Ne7 40. Bh3 Rc6 41. Rde1
Kf8 42. Bg2 Rc7 43. Bd5 Nxd5 44. cxd5 Rxd5 45. Nh7+ Ke8 46. Qxg6+ Kd8 47. Nf6
Bxf6 48. Qxf6+ 1-0

[Event "Senior DM 2020 65+"]
[Site "Logumkloster"]
[Date "2020.02.09"]
[Round "1"]
[White "Kallenbach, Uffe"]
[Black "Andresen, Hans Jorn"]
[Result "0-1"]
[WhiteElo "1615"]
[BlackElo "1998"]
[PlyCount "81"]
[EventDate "2020.02.09"]
[EventType "swiss"]
[EventRounds "7"]
[EventCountry "DEN"]

1. d4 Nf6 2. Nf3 g6 3. Nbd2 d5 4. e3 Bg7 5. Bd3 O-O 6. c3 b6 7. e4 dxe4 8. Nxe4
Bb7 9. Nxf6+ exf6 10. O-O Nd7 11. Re1 c5 12. Be4 Bxe4 13. Rxe4 f5 14. Re2 cxd4
15. cxd4 Nf6 16. Be3 Nd5 17. Qd2 Re8 18. Bg5 Qd6 19. Rae1 Rxe2 20. Qxe2 h6 21.
Bd2 Rc8 22. Qb5 Nc7 23. Qb4 Qxb4 24. Bxb4 Rd8 25. Bc3 Nd5 26. g3 Rc8 27. Rc1 g5
28. Bd2 Rxc1+ 29. Bxc1 Nb4 30. a3 Nd3 31. Bd2 Nxb2 32. d5 Nc4 33. Bb4 a5 34.
Be7 Bf8 35. Bxf8 Kxf8 36. Nd4 Nd6 37. f3 Ke7 38. Nc6+ Kd7 39. Kf2 f6 40. a4 Nc4
41. Nd4 0-1

[Event "Senior DM 2020 65+"]
[Site "Logumkloster"]
[Date "2020.02.09"]
[Round "1"]
[White "Kristensen, Lars Ostergaard"]
[Black "Norregaard, Claus"]
[Result "0-1"]
[WhiteElo "1632"]
[BlackElo "1941"]
[PlyCount "76"]
[EventDate "2020.02.09"]
[EventType "swiss"]
[EventRounds "7"]
[EventCountry "DEN"]

1. d4 Nf6 2. c4 e6 3. Nf3 b6 4. g3 Bb7 5. Bg2 Be7 6. O-O O-O 7. Nc3 Ne4 8. Qc2
Nxc3 9. Qxc3 f5 10. e3 d6 11. Rd1 Nd7 12. Nd2 Bxg2 13. Kxg2 Bf6 14. Qc2 Qe8 15.
Nf3 Qg6 16. b4 e5 17. dxe5 Nxe5 18. Nxe5 Bxe5 19. Bb2 Qf6 20. Bxe5 Qxe5 21. Qd3
Rfe8 22. Qd5+ Kf8 23. Rac1 a5 24. Qxe5 Rxe5 25. b5 Rae8 26. a4 Kf7 27. Rd4 Kf6
28. h4 h6 29. Rcd1 Rc5 30. Rc1 Re4 31. Kf3 Ke5 32. Rd5+ Rxd5 33. cxd5 Rxa4 34.
Rxc7 Rb4 35. Rxg7 Rxb5 36. Rh7 a4 37. Ra7 Ra5 38. Rb7 a3 0-1

[Event "Senior DM 2020 65+"]
[Site "Logumkloster"]
[Date "2020.02.09"]
[Round "1"]
[White "Jensen, Scot Wolfgang"]
[Black "Christiansen, Arne"]
[Result "0-1"]
[WhiteElo "1609"]
[BlackElo "2000"]
[PlyCount "76"]
[EventDate "2020.02.09"]
[EventType "swiss"]
[EventRounds "7"]
[EventCountry "DEN"]

1. e4 d6 2. Nc3 g6 3. Nf3 Bg7 4. d4 Nf6 5. Bc4 O-O 6. Be3 c6 7. h3 b5 8. Bb3 b4
9. e5 bxc3 10. exf6 Bxf6 11. bxc3 Ba6 12. Qd2 Nd7 13. c4 Nb6 14. Qc3 c5 15. Bg5
Bg7 16. Rd1 Rc8 17. O-O cxd4 18. Qa5 Bxc4 19. Rfe1 f6 20. Bc1 e5 21. Qxa7 Bxb3
22. cxb3 Ra8 23. Qb7 Rf7 24. Qc6 Bf8 25. a4 Qc7 26. Qb5 Qc5 27. Qe2 Nd5 28. Qa2
Nc3 29. Ba3 Nxa2 30. Bxc5 dxc5 31. Nd2 Nc3 32. Ra1 Rb7 33. a5 Bh6 34. Nc4 Rxb3
35. a6 Rb4 36. Nxe5 fxe5 37. Rxe5 Rb1+ 38. Rxb1 Nxb1 0-1

[Event "Senior DM 2020 65+"]
[Site "Logumkloster"]
[Date "2020.02.09"]
[Round "1"]
[White "Hansen, Per (1954)"]
[Black "Larsen, Finn"]
[Result "1-0"]
[WhiteElo "2110"]
[BlackElo "1822"]
[PlyCount "39"]
[EventDate "2020.02.09"]
[EventType "swiss"]
[EventRounds "7"]
[EventCountry "DEN"]

1. d4 f5 2. Nc3 Nf6 3. Bg5 e6 4. e4 Be7 5. exf5 exf5 6. Bc4 c6 7. Qe2 Kf8 8.
Bd3 d5 9. f3 b5 10. Nh3 a5 11. Nf4 Qd6 12. O-O Na6 13. a3 Nc7 14. Rfe1 Kf7 15.
Nh3 Re8 16. Bf4 Qd7 17. Qd2 Bd6 18. Bxf5 Rxe1+ 19. Rxe1 Bxf4 20. Qxf4 1-0

[Event "Senior DM 2020 65+"]
[Site "Logumkloster"]
[Date "2020.02.09"]
[Round "1"]
[White "Hvenekilde, Jorgen"]
[Black "Nielsen, Peter"]
[Result "1-0"]
[WhiteElo "2032"]
[BlackElo "1653"]
[PlyCount "47"]
[EventDate "2020.02.09"]
[EventType "swiss"]
[EventRounds "7"]
[EventCountry "DEN"]

1. d4 Nf6 2. c4 e6 3. Nc3 Bb4 4. e3 O-O 5. Bd3 d5 6. cxd5 exd5 7. Qc2 Nc6 8.
Bd2 Re8 9. O-O-O Bd7 10. Nge2 a6 11. Nf4 Bxc3 12. Bxc3 b5 13. h3 Ne7 14. g4 Ne4
15. Ba5 Bc6 16. Kb1 Rc8 17. h4 Kh8 18. f3 Nd6 19. b3 Qd7 20. Bxh7 f5 21. Bg6
Rf8 22. g5 Kg8 23. h5 Bb7 24. h6 1-0

[Event "Senior DM 2020 65+"]
[Site "Logumkloster"]
[Date "2020.02.09"]
[Round "1"]
[White "Holst, Per"]
[Black "Stald, Flemming"]
[Result "1-0"]
[WhiteElo "2138"]
[BlackElo "1836"]
[PlyCount "95"]
[EventDate "2020.02.09"]
[EventType "swiss"]
[EventRounds "7"]
[EventCountry "DEN"]

1. d4 Nf6 2. c4 e6 3. Nf3 d5 4. g3 Be7 5. Bg2 c6 6. Qc2 Nbd7 7. O-O O-O 8. Nbd2
Re8 9. e4 dxe4 10. Nxe4 Nxe4 11. Qxe4 h6 12. Rd1 Nf6 13. Qc2 Bd7 14. Ne5 Rc8
15. Bf4 b5 16. b3 a5 17. Rd2 Qb6 18. Rad1 Red8 19. Be3 Qa6 20. f4 Be8 21. g4
Nd7 22. Nxd7 Rxd7 23. c5 Bf8 24. Be4 Ra7 25. f5 Qb7 26. Rg2 Be7 27. fxe6 fxe6
28. g5 hxg5 29. Bh7+ Kf8 30. Rf1+ Bf6 31. Bxg5 Qf7 32. Bxf6 gxf6 33. Bg6 Qe7
34. Bxe8 Kxe8 35. Qg6+ Qf7 36. Rxf6 Qxg6 37. Rgxg6 Rd7 38. Rxe6+ Kf7 39. Rgf6+
Kg7 40. Rd6 Rdc7 41. Kg2 b4 42. Kg3 a4 43. bxa4 Ra7 44. Rxc6 Rca8 45. Rb6 Rxa4
46. Rfd6 Kf7 47. Rb7+ Ke8 48. Rh6 1-0

[Event "Senior DM 2020 65+"]
[Site "Logumkloster"]
[Date "2020.02.09"]
[Round "1"]
[White "Haugaard, Thomas"]
[Black "Pedersen, Borge"]
[Result "0-1"]
[WhiteElo "1680"]
[BlackElo "1980"]
[PlyCount "56"]
[EventDate "2020.02.09"]
[EventType "swiss"]
[EventRounds "7"]
[EventCountry "DEN"]

1. d4 Nf6 2. c4 e6 3. Nc3 b6 4. Nf3 Bb7 5. g3 Bb4 6. Bg2 O-O 7. O-O d5 8. cxd5
Nxd5 9. Nxd5 Bxd5 10. Qc2 Nd7 11. Ng5 g6 12. e4 Bb7 13. a3 Be7 14. Nh3 c5 15.
dxc5 Rc8 16. Bh6 Rxc5 17. Qd2 Ne5 18. Rfd1 Qxd2 19. Rxd2 Rfc8 20. Bf4 Bf6 21.
Rad1 Nc4 22. Rd7 Nxb2 23. Rb1 Ba6 24. e5 Bxe5 25. Bxe5 Rxe5 26. f4 Rb5 27. Bf1
Nc4 28. Rxa7 Rxb1 0-1

[Event "Senior DM 2020 65+"]
[Site "Logumkloster"]
[Date "2020.02.09"]
[Round "1"]
[White "Gottschalck, Christian"]
[Black "Semakoff, Aleks"]
[Result "1/2-1/2"]
[WhiteElo "1701"]
[BlackElo "2006"]
[PlyCount "28"]
[EventDate "2020.02.09"]
[EventType "swiss"]
[EventRounds "7"]
[EventCountry "DEN"]

1. e4 d6 2. d4 Nf6 3. Bd3 e5 4. c3 Be7 5. Ne2 O-O 6. O-O Nbd7 7. f4 c6 8. fxe5
dxe5 9. Ng3 Nb6 10. Bc2 g6 11. Bh6 Re8 12. h3 Be6 13. b3 Qc7 14. Qf3 Rad8
1/2-1/2

[Event "Senior DM 2020 65+"]
[Site "Logumkloster"]
[Date "2020.02.09"]
[Round "1"]
[White "Gjelstrup, Ole"]
[Black "Nielsen, Carsten Juul"]
[Result "0-1"]
[WhiteElo "1516"]
[BlackElo "1902"]
[PlyCount "70"]
[EventDate "2020.02.09"]
[EventType "swiss"]
[EventRounds "7"]
[EventCountry "DEN"]

1. e4 e5 2. Nc3 Nf6 3. f4 d6 4. Nf3 Nc6 5. Bb5 exf4 6. d4 Bd7 7. Bxf4 Be7 8.
O-O O-O 9. a3 a6 10. Bd3 Bg4 11. Be3 Bh5 12. h3 Re8 13. Qd2 Bg6 14. e5 dxe5 15.
Bxg6 hxg6 16. d5 Nb8 17. Nxe5 Nbd7 18. Nxd7 Qxd7 19. Rad1 Bd6 20. Rf3 Re7 21.
Bg5 Ne4 22. Nxe4 Rxe4 23. Rdf1 f5 24. Qd3 Rae8 25. Be3 Rxe3 26. Rxe3 Bc5 27.
Rff3 f4 28. Qxg6 Bxe3+ 29. Kh2 Rf8 30. c4 Qf5 31. Qxf5 Rxf5 32. b4 b5 33. g4
Re5 34. Rxe3 fxe3 35. Kg2 e2 0-1

[Event "Senior DM 2020 65+"]
[Site "Logumkloster"]
[Date "2020.02.09"]
[Round "1"]
[White "Jacobsen, Niels"]
[Black "Kristensen, Niels Aage"]
[Result "1/2-1/2"]
[WhiteElo "1868"]
[BlackElo "1479"]
[PlyCount "124"]
[EventDate "2020.02.09"]
[EventType "swiss"]
[EventRounds "7"]
[EventCountry "DEN"]

1. e4 e5 2. Nf3 Nc6 3. Bb5 a6 4. Ba4 Nf6 5. d3 Be7 6. c3 O-O 7. O-O d6 8. Re1
b5 9. Bb3 Na5 10. Bc2 h6 11. Nbd2 Be6 12. Nf1 c5 13. Ng3 Nc6 14. Qe2 Rc8 15. h3
Qc7 16. Nh4 Nh7 17. Nhf5 Bxf5 18. Nxf5 Bg5 19. Qg4 Nf6 20. Qf3 Bxc1 21. Raxc1
Ne7 22. Nxh6+ gxh6 23. Qxf6 Ng6 24. Bb3 c4 25. dxc4 bxc4 26. Bd1 Qe7 27. Qxe7
Nxe7 28. Bf3 Ng6 29. g3 Rb8 30. Rc2 f5 31. exf5 Rxf5 32. Bd5+ Kg7 33. Bxc4 Rb6
34. Bd3 Rf8 35. Bxg6 Kxg6 36. b3 Rc8 37. c4 Kf5 38. Rd2 h5 39. Red1 Ke6 40. Kg2
Rg8 41. Rd5 h4 42. g4 Rf8 43. R1d3 e4 44. Re3 Rf4 45. f3 Rb5 46. Rxb5 axb5 47.
cxb5 d5 48. fxe4 d4 49. Re2 Ke5 50. a4 d3 51. Rf2 Rxe4 52. Kf3 Kd4 53. Ra2 Re3+
54. Kf2 Rxh3 55. Kg2 Rg3+ 56. Kh2 Rxg4 57. a5 Re4 58. a6 Re2+ 59. Rxe2 dxe2 60.
a7 e1=Q 61. a8=Q Qg3+ 62. Kh1 Qe1+ 1/2-1/2

[Event "Senior DM 2020 65+"]
[Site "Logumkloster"]
[Date "2020.02.09"]
[Round "1"]
[White "Jensen, Jens Peter"]
[Black "Rasmussen, Bjarne Meldgaard"]
[Result "0-1"]
[WhiteElo "1424"]
[BlackElo "1911"]
[PlyCount "56"]
[EventDate "2020.02.09"]
[EventType "swiss"]
[EventRounds "7"]
[EventCountry "DEN"]

1. e4 c5 2. Bc4 d6 3. Nc3 Nf6 4. d3 Nc6 5. a3 e6 6. Bd2 Be7 7. Nf3 a6 8. a4 b6
9. Qe2 Bb7 10. O-O O-O 11. e5 dxe5 12. Nxe5 Nd4 13. Qd1 Bd6 14. Bf4 Qc7 15. Re1
Rad8 16. Ba2 Rfe8 17. h3 Nd7 18. Qh5 g6 19. Qh6 Nf5 20. Qg5 Bxe5 21. Bxe5 Nxe5
22. Ne4 Nd7 23. Nf6+ Nxf6 24. Qxf6 Qe7 25. Qc3 Qg5 26. g3 Nxg3 27. Kh2 Ne2 28.
Rg1 Qf4+ 0-1

[Event "Senior DM 2020 65+"]
[Site "Logumkloster"]
[Date "2020.02.09"]
[Round "1"]
[White "Bauner, Jan"]
[Black "Larsen, Arne Walther"]
[Result "1-0"]
[WhiteElo "2004"]
[BlackElo "1712"]
[PlyCount "99"]
[EventDate "2020.02.09"]
[EventType "swiss"]
[EventRounds "7"]
[EventCountry "DEN"]

1. d4 Nf6 2. Bf4 g6 3. Nc3 Bg7 4. Qd2 d6 5. O-O-O c6 6. e4 b5 7. f3 Qa5 8. Kb1
Be6 9. d5 cxd5 10. Bxb5+ Nbd7 11. Nxd5 Qd8 12. Nxf6+ Bxf6 13. Ne2 Rb8 14. Nd4
a6 15. Ba4 O-O 16. Bb3 Nc5 17. Nc6 Qb6 18. Nxb8 Rxb8 19. Be3 a5 20. Bd4 a4 21.
Bxe6 fxe6 22. Bxf6 exf6 23. Qc3 e5 24. Rd2 Ne6 25. Rhd1 Nd4 26. Qc4+ Kg7 27. c3
Nb5 28. Ka1 a3 29. b3 Qe3 30. Qd3 Qc5 31. Rc2 Rc8 32. Qd5 Qb6 33. Qd3 Qc5 34.
Rdc1 Qb6 35. Kb1 Qc5 36. g3 Nc7 37. h4 h5 38. Rg2 Nb5 39. Rgc2 Qb6 40. Qd2 Qc5
41. g4 hxg4 42. fxg4 Rh8 43. Rh1 Rc8 44. Rhc1 Rh8 45. g5 Rxh4 46. gxf6+ Kf7 47.
Qg5 Rf4 48. Rh1 Ke6 49. Qxg6 Rxf6 50. Qe8# 1-0

[Event "Senior DM 2020 65+"]
[Site "Logumkloster"]
[Date "2020.02.09"]
[Round "1"]
[White "Markussen, Benno Orvad"]
[Black "Sorensen, Ivan"]
[Result "0-1"]
[WhiteElo "1775"]
[BlackElo "2062"]
[PlyCount "96"]
[EventDate "2020.02.09"]
[EventType "swiss"]
[EventRounds "7"]
[EventCountry "DEN"]

1. c4 c5 2. g3 g6 3. Bg2 Bg7 4. Nc3 Nc6 5. Nf3 d6 6. O-O Nf6 7. d3 O-O 8. Bd2
Bd7 9. Qc1 Re8 10. h3 a6 11. a4 Rb8 12. Rb1 Nd4 13. b4 Nxf3+ 14. exf3 cxb4 15.
Rxb4 Bc6 16. Qa3 e6 17. Be3 d5 18. Bb6 Qd7 19. c5 Qe7 20. Ne2 Rbc8 21. d4 Nd7
22. Ra1 e5 23. Rd1 exd4 24. Nxd4 Bxd4 25. Rdxd4 Qe1+ 26. Kh2 Qxf2 27. Rd1 Re2
28. Rg1 Rce8 29. Rbb1 Nxb6 30. cxb6 Ra2 31. Qd6 Rxa4 32. Rbc1 Qxb6 33. f4 Qd8
34. Qc5 Ra2 35. Rc2 Rxc2 36. Qxc2 Qe7 37. g4 Qe2 38. Qxe2 Rxe2 39. Kg3 Re3+ 40.
Kf2 Rc3 41. Rd1 Rc5 42. Ke3 Kf8 43. Kd4 Rc4+ 44. Ke5 Ke7 45. g5 Rc5 46. Rd4 Rc2
47. Bxd5 Re2+ 48. Be4 Rxe4+ 0-1

[Event "Senior DM 2020 65+"]
[Site "Logumkloster"]
[Date "2020.02.09"]
[Round "1"]
[White "Lontoft, Sven"]
[Black "Mortensen, John"]
[Result "0-1"]
[WhiteElo "1763"]
[BlackElo "2068"]
[PlyCount "58"]
[EventDate "2020.02.09"]
[EventType "swiss"]
[EventRounds "7"]
[EventCountry "DEN"]

1. e4 c5 2. Nf3 Nc6 3. d4 cxd4 4. Nxd4 g6 5. Be3 Bg7 6. Nc3 Nf6 7. Be2 O-O 8.
f4 d5 9. e5 Ne8 10. g4 Nc7 11. h4 Ne6 12. Nxe6 Bxe6 13. Bf2 Qa5 14. Qd2 Rad8
15. h5 d4 16. Ne4 Nb4 17. Kf1 Qd5 18. Bf3 Qc4+ 19. Kg2 Bd5 20. Qxd4 Qxd4 21.
Bxd4 Bxe4 22. Bxe4 Rxd4 23. Kf3 Nc6 24. Ke3 Rfd8 25. hxg6 hxg6 26. Bd3 g5 27.
Raf1 gxf4+ 28. Rxf4 Rxf4 29. Kxf4 Bxe5+ 0-1

[Event "Senior DM 2020 65+"]
[Site "Logumkloster"]
[Date "2020.02.09"]
[Round "1"]
[White "Morling, Aase"]
[Black "Matras, Ove"]
[Result "0-1"]
[WhiteElo "1420"]
[BlackElo "1851"]
[PlyCount "112"]
[EventDate "2020.02.09"]
[EventType "swiss"]
[EventRounds "7"]
[EventCountry "DEN"]

1. e4 c6 2. d4 d5 3. exd5 cxd5 4. c4 Nf6 5. Nc3 g6 6. Qb3 e6 7. Be2 Bg7 8. Bf3
O-O 9. Nge2 Nc6 10. cxd5 exd5 11. O-O Qb6 12. Qxb6 axb6 13. Nxd5 Nxd5 14. Bxd5
Nxd4 15. Nxd4 Bxd4 16. Rd1 Bc5 17. Be3 Bg4 18. Bf3 Bxf3 19. gxf3 Rfd8 20. a3
Re8 21. Rd3 Re6 22. Rc1 Rc6 23. Bxc5 Rxc5 24. Rdc3 Rac8 25. Kf1 Kf8 26. Rxc5
bxc5 27. Ke2 Ke7 28. a4 b6 29. Ke3 Ke6 30. f4 Kf5 31. Kf3 Ke6 32. h3 Ra8 33. b3
Rd8 34. Re1+ Kf6 35. Re3 Rd6 36. Rc3 Ke6 37. Re3+ Kd7 38. Ke2 Kc6 39. Kf3 f6
40. h4 Kd5 41. Rd3+ Ke6 42. Re3+ Kf5 43. Rc3 Rd4 44. Kg3 Rxf4 45. f3 Rb4 46.
Rd3 Ke5 47. Re3+ Kd6 48. Rd3+ Rd4 49. Rc3 f5 50. Rc4 Rxc4 51. bxc4 Ke5 52. f4+
Kd4 53. h5 Kxc4 54. hxg6 hxg6 55. Kh4 Kd4 56. Kg5 Ke4 0-1

[Event "Senior DM 2020 65+"]
[Site "Logumkloster"]
[Date "2020.02.09"]
[Round "1"]
[White "Mortensen, Steen Juul"]
[Black "Jensen, Ole Yde"]
[Result "1-0"]
[WhiteElo "1927"]
[BlackElo "1564"]
[PlyCount "71"]
[EventDate "2020.02.09"]
[EventType "swiss"]
[EventRounds "7"]
[EventCountry "DEN"]

1. d4 e6 2. c4 Nf6 3. Nf3 d5 4. g3 c6 5. Bg2 Bd6 6. Nc3 O-O 7. O-O Nbd7 8. Nd2
Re8 9. e4 dxe4 10. Ndxe4 Nxe4 11. Nxe4 Be7 12. Bf4 Nf6 13. Nc3 Bd6 14. Be5 Qe7
15. Re1 Bxe5 16. dxe5 Nd7 17. Qe2 Nb6 18. Ne4 Rb8 19. Nd6 Rd8 20. b4 Bd7 21. f4
Nc8 22. c5 Be8 23. Qc4 Rd7 24. Rad1 Nxd6 25. cxd6 Qd8 26. Qc5 Qb6 27. Rc1 Rdd8
28. a4 Bd7 29. a5 Qxc5+ 30. bxc5 f6 31. Rb1 Be8 32. exf6 Bd7 33. fxg7 Kxg7 34.
Re2 Re8 35. Reb2 e5 36. Rxb7 1-0

[Event "Senior DM 2020 65+"]
[Site "Logumkloster"]
[Date "2020.02.09"]
[Round "1"]
[White "Wang, Peter"]
[Black "Kolbak, Jens"]
[Result "1/2-1/2"]
[WhiteElo "1881"]
[BlackElo "2127"]
[PlyCount "66"]
[EventDate "2020.02.09"]
[EventType "swiss"]
[EventRounds "7"]
[EventCountry "DEN"]

1. e4 e5 2. Bc4 Nc6 3. c3 Nf6 4. Qe2 Be7 5. d3 O-O 6. Nf3 d6 7. Bb3 Be6 8. Bc2
a5 9. a4 Nd7 10. Nbd2 Kh8 11. Nf1 f5 12. Ne3 f4 13. Nd5 Bf6 14. Bd2 Bxd5 15.
exd5 Ne7 16. d4 g6 17. Be4 Nf5 18. Qd3 Bg7 19. Kf1 Nh4 20. g3 Nxf3 21. Bxf3 Qf6
22. Kg2 exd4 23. cxd4 Qxd4 24. Qxd4 Bxd4 25. Bxf4 Nc5 26. Ra2 Kg7 27. Rd1 Bf6
28. Be3 b6 29. Rb1 Na6 30. b3 Nb4 31. Rd2 Rae8 32. Rc1 Re7 33. Be2 g5 1/2-1/2

[Event "Senior DM 2020 65+"]
[Site "Logumkloster"]
[Date "2020.02.09"]
[Round "1"]
[White "Nielsen, Aage Sondergaard"]
[Black "Gade, Jens"]
[Result "1-0"]
[WhiteElo "1888"]
[BlackElo "1470"]
[PlyCount "89"]
[EventDate "2020.02.09"]
[EventType "swiss"]
[EventRounds "7"]
[EventCountry "DEN"]

1. e4 e5 2. Nf3 Nc6 3. Bc4 Nf6 4. d3 h6 5. c3 Be7 6. Bb3 O-O 7. O-O d6 8. Nbd2
Bg4 9. h3 Bh5 10. Re1 Nd4 11. cxd4 exd4 12. Nf1 c5 13. Ng3 Bg6 14. Nh4 Bh7 15.
Nhf5 Bxf5 16. Nxf5 Re8 17. Nxe7+ Qxe7 18. Bf4 Nd7 19. Bg3 Kh8 20. f4 f6 21. Qh5
Qf8 22. Qf7 Qxf7 23. Bxf7 Re7 24. Bb3 a6 25. a4 Rae8 26. a5 Nb8 27. Bd5 Nc6 28.
Bxc6 bxc6 29. Re2 Kg8 30. Ra3 Rb7 31. Rd2 Kf7 32. Kf2 Reb8 33. Ra2 Re8 34. Kf3
d5 35. e5 f5 36. Be1 Rb3 37. Ra3 Reb8 38. Rxb3 Rxb3 39. Ke2 Rb5 40. Rc2 Ke7 41.
b4 cxb4 42. Rxc6 Kd7 43. Rb6 Rxb6 44. axb6 a5 45. Bxb4 1-0

[Event "Senior DM 2020 65+"]
[Site "Logumkloster"]
[Date "2020.02.09"]
[Round "1"]
[White "Kristoffersen, John"]
[Black "Olesen, Bent"]
[Result "0-1"]
[WhiteElo "1668"]
[BlackElo "1986"]
[PlyCount "52"]
[EventDate "2020.02.09"]
[EventType "swiss"]
[EventRounds "7"]
[EventCountry "DEN"]

1. e4 b6 2. Nf3 Bb7 3. Nc3 e6 4. g3 d5 5. exd5 exd5 6. d4 Nf6 7. Bg2 Ba6 8. Be3
Bb4 9. Bf1 Bxf1 10. Kxf1 Bxc3 11. bxc3 O-O 12. Kg2 Nc6 13. Bg5 h6 14. Bxf6 Qxf6
15. Re1 Qd6 16. Re3 Na5 17. Nd2 Rfe8 18. Qf3 Rxe3 19. fxe3 Re8 20. e4 dxe4 21.
Nxe4 Qe6 22. Re1 Kh8 23. Qd3 f5 24. Ng5 Qxe1 25. Nf7+ Kg8 26. Qxf5 Qe4+ 0-1

[Event "Senior DM 2020 65+"]
[Site "Logumkloster"]
[Date "2020.02.10"]
[Round "2"]
[White "Nielsen, Carsten Juul"]
[Black "Bauner, Jan"]
[Result "1-0"]
[WhiteElo "1902"]
[BlackElo "2004"]
[PlyCount "103"]
[EventDate "2020.02.09"]
[EventType "swiss"]
[EventRounds "7"]
[EventCountry "DEN"]

1. d4 Nf6 2. c4 e6 3. Nf3 d5 4. Bg5 Nbd7 5. Nc3 c6 6. e3 Qa5 7. Bxf6 Nxf6 8.
Qc2 Ne4 9. Nd2 Nxc3 10. bxc3 Be7 11. Bd3 h6 12. O-O O-O 13. a4 Qc7 14. f4 c5
15. Rac1 dxc4 16. Nxc4 b6 17. Ne5 Bd6 18. Qe2 Bb7 19. Qh5 Bxe5 20. fxe5 Qe7 21.
Rf6 gxf6 22. Qh4 Rfe8 23. exf6 Qf8 24. Rf1 e5 25. Rf5 e4 26. Rh5 Kh7 27. Bc4
Re6 28. d5 Rxf6 29. Qxf6 Qg7 30. Qxg7+ Kxg7 31. Rf5 Rd8 32. g4 f6 33. Kg2 Bc8
34. Rf4 Re8 35. Bb5 Re5 36. Bc6 a6 37. d6 b5 38. axb5 axb5 39. d7 Bxd7 40. Bxd7
b4 41. cxb4 cxb4 42. Ba4 Ra5 43. Bc6 b3 44. Bxe4 b2 45. Rf1 Rb5 46. Rb1 Rb4 47.
Kf3 Kf7 48. Bf5 Ke7 49. Ke2 Kd6 50. Kd2 Ke5 51. Kc3 Rb6 52. Rxb2 1-0